Pays ayant légalisé le cannabis. - Statistiques

Statistiques générales
  • Ce quiz a été pris 274 fois
  • Le résultat moyen est 22 sur 52
Statistiques - réponses
% Pays Niveaux de légalisation % Correct
40 Etats-Unis 🟩🟨
93%
100 Canada 🟨
90%
100 Pays Bas 🟩
87%
100 Espagne 🟩
84%
<1 France (Saint-Martin) 🟩
82%
100 Allemagne 🟥
76%
100 Italie 🟩
71%
100 Portugal 🟩
71%
100 Belgique 🟩
69%
33 Australie 🟩🟨
64%
100 Suisse 🟩
64%
100 Colombie 🟩
60%
>99 Argentine 🟩
58%
100 Jamaïque 🟩
57%
100 Maroc 🟥
56%
100 Inde 🟥
53%
100 Chili 🟩
52%
100 Autriche 🟩
50%
100 Afrique Du Sud 🟨
49%
100 Luxembourg 🟩
48%
100 Thaïlande 🟥
48%
100 Finlande 🟨
46%
100 Pérou 🟩
45%
100 Uruguay 🟨
44%
100 Bolivie 🟩
38%
100 Paraguay 🟩
38%
100 République Tchèque 🟩
38%
100 Croatie 🟩
35%
100 Equateur 🟩
35%
100 Slovénie 🟩
34%
100 Viet Nam 🟥
34%
100 Estonie 🟩
32%
100 Laos 🟥
32%
100 Pakistan 🟥
32%
100 Cambodge 🟥
30%
100 Costa Rica 🟩
30%
100 Egypte 🟨
29%
100 Iran 🟥
27%
100 Malte 🟨
27%
100 Népal 🟥
27%
100 Bangladesh 🟥
25%
100 Birmanie 🟥
25%
<1 Royaume-Uni (Bermudes, Iles vierges britanniques) 🟥🟩
25%
100 Belize 🟩
22%
100 Sri Lanka 🟥
20%
100 Dominique 🟩
17%
100 Moldavie 🟩
15%
100 Géorgie 🟨
14%
100 Trinité et Tobago 🟩
14%
100 Antigua et Barbuda 🟩
13%
100 Lesotho 🟥
13%
100 Saint-Christophe-et-Niévès 🟩
11%
Aucun quiz correspondant
Distribution des résultats
% des personnes avec chaque résultat
Percentile par nombre de réponses
Votre historique - résultats
Vous n’avez pas pris ce quiz